000 02096nam a2200241 i 4500
003 DO-SdBNP
005 20230918144350.0
006 a||||gr|||| 00| 0
007 ta
008 230913t180 dr ||||| |||| 00| h spa d
040 _aDO-SdBNP
_bspa
_cBNPHU
_erda
082 4 _222
_bE74p
100 1 _aEscobal, Luis S.
_938438
_eautor
245 1 0 _aPedazos:
_b imágenes borrosas del recuerdo. /
_cLuis S. Escobal
264 4 _aSanto Domingo :
_bAlfa y Omega.
_c1980
300 _a100, [6] páginas ;
_c20 cm.
336 _2rdacontent
_atexto
_btxt
337 _2rdamedia
_asin mediación
_bn
338 _2rdacarrier
_avolumen
_bnc
505 0 _aCapítulo I
_tLos Indios. Vida Campestre.--
_tUn Día.-- En Todos los Campos Residía.-- Entre las Diversiones.-- La Escuela del Campo.
_gCapítulo II.
_tLa Escuela Primaria . La Ciudad.-- Algunos de los Muchachos.-- La Escuela Proseguía.-- Recuerdo una tarde Iluminosa.-- Todos Aquellos Muchachos.-- Cada uno Buscaba Orientaciones.-- No olvidemos.
_gCapítulo III.
_tLa Normal. Escuela Secundaria.-- Llegada a esa Primera Juventud.-- La Época de la Juventud para muy Alegremente.-- Se Diría que una densa y Apretada Multitud.-- El Arte.-- La Misma Normal y Llegaban las Doradas Vacaciones de la Escuela Rural.-- El Problema Forestal.
_gCapítulo IV.
_tLa Universidad.-- La Universidad.-- La Universidad.-- La Escuela Rural.-- Vienen a Mi Memoria.
_gCapítulo V.
_tEl Pueblo.-- El Pueblo.-- Religión.-- El Arte.-- La Prensa.-- Deportes.
_gCapítulo VI.
_tLos Grandes Huertos del Gobierno.-- Los Grandes Huertos del Gobierno.-- Vamos a Intercalar una Grandiosa Anécdota Campesina.-- La Virtud Del Trabajo y del Ahorro.-- El Poeta.-- Ha sido Mi Deseo de Toda la Vida ver un Gobernante Joven.-- El Maestro.-- El Amor.-- El Arte.--Canto de Esperanza.-- Desea la Paz.-- Otra Esperanza.-- Aquel Pueblo Pequeño.
_gCapítulo VII.
_tCapítulo Final.-- Don Emilio Patriota.-- Don Emilio Maestro.-- Primera Anécdota Final.-- Expedición a Constanza. Segunda Anécdota Final.-- Drogas.-- Epílogo.-- Post-Scriptum.
590 _aInventariado 2023 / MF
942 _2ddc
_cLBS1
999 _c54743
_d54743